Parents, schools, and the law /

Bibliographic Details
Main Author: Schimmel, David
Other Authors: Fischer, Louis, 1924-
Format: Book
Language:English
Published: Columbia, Md. : National Committee for Citizens in Education, [1987]
Subjects:

MARC

Tag First Indicator Second Indicator Subfields
LEADER 00000cam a2200000 a 4500
001 in00000032192
005 20151007060424.0
008 871211s1987 mdu b 00110 eng d
010 |a  87061370  
020 |a 0934460299 
020 |a 0934460310 (pbk.) :  |c $11.95 
020 |z 9934460310 (pbk.) 
035 |a (OCoLC)17220641 
035 |9 AAC0813AM 
040 |a IEP  |c IEP  |d KCK  |d OCL  |d TXA  |d UtOrBLW 
049 |a TXAM  |c [A11687600] 
050 4 |a KF4119.6  |b .S34 1988 
100 1 |a Schimmel, David. 
245 1 0 |a Parents, schools, and the law /  |c David Schimmel, Louis Fischer. 
264 1 |a Columbia, Md. :  |b National Committee for Citizens in Education,  |c [1987] 
264 3 |c 1988 printing 
264 4 |c ©1987 
300 |a xiii, 280 pages ;  |c 21 cm. 
336 |a text  |b txt  |2 rdacontent 
337 |a unmediated  |b n  |2 rdamedia 
338 |a volume  |b nc  |2 rdacarrier 
500 |a Table of cases: pages 255-263. 
504 |a Includes bibliographies and index. 
650 0 |a Educational law and legislation. 
650 0 |a Educational law and legislation  |v Cases. 
700 1 |a Fischer, Louis,  |d 1924- 
999 |a MARS 
999 f f |s 93dcbee7-8084-3693-a37e-32b7958f74ac  |i 9674092e-c2e3-3199-b8e4-0d688e94f045  |t 0 
952 f f |p ric  |a Texas A&M University  |b Rellis Campus  |c Joint Library Facility  |d Remote Storage  |t 0  |e KF4119.6 .S34 1988  |h Library of Congress classification  |i unmediated -- volume  |m A14811687600 
998 f f |a KF4119.6 .S34 1988  |t 0  |l Remote Storage